Formel 1 - Gruppen #4 - Statistiken

Allgemein
  • Dieses Quiz wurde 233 mal gespielt
  • Das Durchschnittsergebnis liegt bei 17 aus 37
Antwortstatistiken
% Korrekt
LewisHamilton - 3
94%
LewisHamilton - 6
94%
Sergio Perez
91%
MichaelSchumacher - 5
88%
Monza
88%
Yuki Tsunoda
86%
Imola
84%
SebastianVettel - 4
84%
MaxVerstappen - 5
83%
Daniel Ricciardo
82%
Liam Lawson
79%
FernandoAlonso - 5
75%
Alexander Albon
74%
AyrtonSenna - 4
70%
PierreGasly -1
69%
Pierre Gasly
69%
CharlesLeclerc - 2
51%
NicoHülkenberg - 3
39%
EstebanOcon - 1
32%
GeorgeRussell - 1
31%
Mugello
29%
NigelMansell - 4
29%
Red BullRB19 - 95.4
22%
JimClark - 8
19%
FerrariF2004 - 83.3
17%
JackieStewart - 4
17%
RubensBarrichello - 5
15%
AlbertoAscari - 5
12%
FerrariF2002 - 93.3
10%
McLarenMP4/4 - 93.7
7%
StirlingMoss - 6
7%
Mercedes AMG W05 - 84.2
6%
Mercedes AMG W06 - 84.2
6%
Mercedes AMG W07 - 90.5
6%
RiccardoPatrese - 5
6%
Pescara
5%
JohnSurtees - 6
3%
Keine übereinstimmenden Quizze gefunden
Verteilung der Resultate
Anzahl Personen mit jedem Resultat
Perzentil nach korrekt beantworteten Fragen
Ihre Resultats-Entwicklung
Sie haben dieses Quiz noch nicht gespielt